The animal (Registro nro. 74777)
[ vista simple ]
| 000 -ENCABEZADO | |
|---|---|
| Número de control [NR] | 01497nam a2200301Ia 4500 |
| 008 - DE LONGITUD FIJA DE DATOS DE ELEMENTOS - INFORMACIÓN GENERAL | |
| Elementos de longitud fija [NR] | 130821s2011 xxua gs eng |
| 040 ## - FUENTE DE CATALOGACION [NR] | |
| Agencia de catalogación original [NR] | CO-BoUCM |
| Quien Cataloga | |
| Quien Clasifica | Aldemar Mondragón |
| Idioma de catalogación [NR] | spa |
| 041 00 - CODIGO DE IDIOMA [R] | |
| Código de idioma para texto/pista de sonido o título separado [R] | Inglés |
| 245 04 - MENCION DE TITULO [NR] | |
| Título [NR] | The animal |
| Mención de responsabilidad, etc. [NR] | [DVD] |
| 246 13 - FORMA VARIANTE DEL TITULO [R] | |
| Título propiamente dicho/forma breve del título [NR] | Estoy hecho un animal |
| 260 ## - PUBLICACION, DISTRIBUCION, ETC. (PIE DE IMPRENTA) [R] | |
| Lugar de publicación, distribución, etc. [R] | Washington |
| Nombre del editor, distribuidor, etc. [R] | Revolution Studios |
| Fecha de publicación, distribución, etc. [R] | 2001 |
| 300 ## - DESCRIPCION FISICA [R] | |
| Extensión [R] | 1 DVD 84 minutos |
| Otros detalles físicos [NR] | sonido, color |
| 500 ## - NOTA GENERAL [R] | |
| Nota general [NR] | Audio en Inglés. Subtítulos en Frances e Inglés |
| 500 ## - NOTA GENERAL [R] | |
| Nota general [NR] | Edición especial |
| 508 ## - NOTA DE CREDITOS DE CREACION/PRODUCCION [R] | |
| Nota de créditos de creación/producción [NR] | CREDITOS : Jeff Gourson, Peck Prior, dirección ; Tom Brady, historia y guion ; Alan Au, productor |
| 511 ## - NOTA DE PARTICIPANTE O INTERPRETE [R] | |
| Nota de participante o intérprete [NR] | Rob Schneider, Colleen Haskell, John C. McGinley |
| 520 ## - NOTA DE RESUMEN, ETC. [R] | |
| Nota de sumario, etc. [NR] | Un policía tiene un accidente de tráfico. Cuando despierta una semana después descubre que un científico ha utilizado órganos de animales para reconstruir su cuerpo destrozado. Con esta mentalidad Marvin se convierte en un héroe hasta que sus instintos animales se apoderan de él en los momentos más inoportunos |
| 650 #7 - ASIENTO SECUNDARIO DE MATERIA - TERMINO TEMATICO [R] | |
| Término temático o nombre geográfico como elemento de entrada [NR] | Animales en el cine |
| Subdivisión de forma [R] | DVD |
| 9 (RLIN) | 36906 |
| 650 #7 - ASIENTO SECUNDARIO DE MATERIA - TERMINO TEMATICO [R] | |
| Término temático o nombre geográfico como elemento de entrada [NR] | Humor en el cine |
| Subdivisión de forma [R] | DVD |
| 9 (RLIN) | 36905 |
| 650 #7 - ASIENTO SECUNDARIO DE MATERIA - TERMINO TEMATICO [R] | |
| Término temático o nombre geográfico como elemento de entrada [NR] | Pelílculas cinematográficas |
| Subdivisión de forma [R] | DVD |
| 9 (RLIN) | 36904 |
| 690 ## - ASUNTO AGREGADO LOCAL DE ENTRADA - TÉRMINO TEMÁTICO (OCLC, RLIN) | |
| Acceso temático local | Entretenimiento |
| 700 1# - ASIENTO SECUNDARIO - NOMBRE PERSONAL [R] | |
| Nombre personal [NR] | Gourson, Jeff |
| Término de relación [R] | director |
| 9 (RLIN) | 36885 |
| 700 1# - ASIENTO SECUNDARIO - NOMBRE PERSONAL [R] | |
| Nombre personal [NR] | Prior, Peck |
| Término de relación [R] | director |
| 9 (RLIN) | 36886 |
| 700 1# - ASIENTO SECUNDARIO - NOMBRE PERSONAL [R] | |
| Nombre personal [NR] | Schneider, Rob |
| 9 (RLIN) | 36887 |
| 856 04 - LOCALIZACION Y ACCESO ELECTRONICOS [R] | |
| Identificador Uniforme del Recurso (“URI”) [R] | <a href="http://www.youtube.com/watch?v=pBwcksgKcFs">http://www.youtube.com/watch?v=pBwcksgKcFs</a> |
| Nota dirigida al público [R] | Siga este vínculo para ver el trailer. |
| 942 ## - ELEMENTOS DE ENTRADA AGREGADOS (KOHA) | |
| Koha item type | Multimedia |
| Source of classification or shelving scheme | LOCAL |
| Tema principal | [No clasificado] |
| Edition | 1 |
| Classification part | DVD 1253 |
| 942 ## - ELEMENTOS DE ENTRADA AGREGADOS (KOHA) | |
| Koha item type | Multimedia |
| Source of classification or shelving scheme | LOCAL |
| Edition | 1 |
| Suprimido | Perdido | Sistema de clasificación | Dañado | No prestable | Tipo de ítem específico | Ubicación habitual | Ubicación actual | Localización | Fecha de creación | Forma de adquisición | Costo | Signatura topográfica | Código de barras | Última vez visto | Fecha de último préstamo | Ejemplar | Price effective from | Tipo de ítem | Total préstamos | Total Renewals |
|---|---|---|---|---|---|---|---|---|---|---|---|---|---|---|---|---|---|---|---|---|
| LOCAL | DVD | Claustro | Claustro | Colección digital | 22/04/2013 | Donación | 26000.00 | DVD 1253 | 100133827 | 10/12/2024 | 12/08/2016 | Ej.2 | 22/04/2013 | Multimedia | 3 | 2 | ||||
| LOCAL | Préstamo restringido | DVD | Procesos Técnicos (no para préstamo) | Procesos Técnicos (no para préstamo) | Procesos Técnicos | 19/02/2013 | Compra | 26250.00 | DVD 1253 | 100120597 | 09/12/2025 | 07/05/2012 | Ej.1 | 03/02/2013 | Multimedia |